| 000 -CABECERA |
| Longitud fija campo de control |
01157nam a22003135i 4500 |
| 001 - NÚMERO DE CONTROL |
| Número de control |
.b74978457 |
| 003 - IDENTIFICADOR DEL NÚMERO DE CONTROL |
| Identificador del número de control |
OSt |
| 005 - FECHA Y HORA DE LA ÚLTIMA TRANSACCIÓN |
| Fecha y hora de la última transacción |
20210302124734.0 |
| 008 - CÓDIGOS DE INFORMACIÓN DE LONGITUD FIJA |
| Códigos de información de longitud fija |
210208e202102 spc||||| |||| 00| 0bspa|c |
| 017 ## - NÚMERO DE COPYRIGHT O DE DEPÓSITO LEGAL |
| Número de copyright o de depósito legal |
DL B. 21.496-2020 |
| Agencia que asigna el número |
Biblioteca de Catalunya |
| 020 ## - NÚMERO INTERNACIONAL NORMALIZADO PARA LIBROS |
| Número Internacional Normalizado para Libros (ISBN) |
9788423357680 |
| 040 ## - FUENTE DE LA CATALOGACIÓN |
| Centro catalogador de origen |
ES-GiUDG |
| Lengua de catalogación |
cat |
| Normas de descripción |
rda |
| Centro transcriptor |
ES-GiUDG |
| 100 1# - PUNTO DE ACCESO PRINCIPAL-NOMBRE DE PERSONA |
| Nombre de persona |
Vila-Sanjuán, Sergio, |
| Fechas asociadas al nombre |
1957- |
| Término indicativo de función |
autor |
| 245 13 - MENCIÓN DE TÍTULO |
| Título |
El Joven Porcel : |
| Resto del título |
una ascensión literaria en la Barcelona de los años sesenta / |
| Mención de responsabilidad, etc. |
Sergio Vila-Sanjuán |
| 250 ## - MENCIÓN DE EDICIÓN |
| Mención de edición |
Primera edición |
| 264 #1 - PRODUCCIÓN, PUBLICACIÓN , DISTRIBUCIÓN, FABRICACIÓN Y COPYRIGHT |
| Lugar de producción, publicación, distribución, fabricación |
Barcelona : |
| Nombre del productor, editor, distribuidor, fabricante |
Ediciones Destino, |
| Fecha de de producción, publicación, distribución, fabricación o copyright |
febrero de 2021 |
| 300 ## - DESCRIPCIÓN FÍSICA |
| Extensión |
365 pàgines ; |
| Dimensiones |
23 cm |
| 336 ## - TIPO DE CONTENIDO |
| Término de tipo de contenido |
text |
| Código de tipo de contenido |
txt |
| Fuente |
rdacontent |
| 337 ## - TIPO DE MEDIO |
| Nombre del tipo de medio |
sense mediació |
| Código del tipo de medio |
n |
| Fuente |
rdamedia |
| 338 ## - TIPO DE SOPORTE |
| Nombre del tipo de soporte |
volum |
| Código del tipo de soporte |
nc |
| Fuente |
rdacarrier |
| 490 1# - MENCIÓN DE SERIE |
| Mención de serie |
Colección Imago Mundi ; |
| Designación de volumen o secuencia |
volumen 306 |
| 600 17 - PUNTO DE ACCESO ADICIONAL DE MATERIA - NOMBRE DE PERSONA |
| Nombre de persona |
Porcel, Baltasar |
| Subdivisión de materia general (R ) |
Biografia |
| Fuente de encabezamiento o te&ecute,rmino |
lemac |
| 650 #7 - PUNTO DE ACCESO ADICIONAL DE MATERIA - TÉRMINO DE MATERIA |
| Término de materia o nombre geográfico como elemento inicial |
Escriptors catalans |
| Subdivisión geográfica |
Illes Balears |
| Subdivisión cronológica |
S. XX |
| Fuente del encabezamiento o término |
lemac |
| 651 #7 - PUNTO DE ACCESO ADICIONAL DE MATERIA - NOMBRE GEOGRÁFICO |
| Nombre geográfico |
Barcelona (Catalunya) |
| Subdivisión de materia general |
Vida intel·lectual |
| Subdivisión cronológica |
S. XX |
| Fuente del encabezamiento o término |
lemac |
| 830 #0 - PUNTO DE ACCESO ADICIONAL DE SERIE - TÍTULO UNIFORME |
| Título uniforme |
Colección Imago mundi ; |
| Designación de volumen o secuencia |
306 |
| 907 ## - ELEMENTO G DATOS LOCALES, GDL (RLIN) |
| a |
.b74978457 |
| b |
09-02-21 |
| c |
08-02-21 |
| d |
08-02-21 |
| e |
m |
| f |
a |
| g |
- |
| h |
spa |
| i |
spc |
| j |
0 |
| k |
0 |
| 940 ## - |
| T&íacute;tulo uniforme |
<a href="UdG">UdG</a> |
| 942 ## - ENTRADA DE ELEMENTOS AGREGADOS (KOHA) |
| Fuente de clasificaión o esquema |
|
| Koha [por defecto] tipo de item |
Monografies |